[Event "Open A Zadar 2016"]
[Site "Zadar"]
[Date "2016.12.16"]
[Round "8.18"]
[White "Bilobrk, Franjo"]
[Black "Krstulovic, Alex"]
[Result "1/2-1/2"]
[WhiteElo "2354"]
[BlackElo "2258"]
[PlyCount "71"]
[EventDate "2016.12.11"]
[EventCountry "CRO"]
[WhiteClock "1:30:00"]
[BlackClock "1:30:00"]

1. d4 d5 2. c4 c6 3. Nf3 Nf6 4. Nc3 dxc4 5. a4 Bf5 6. e3 e6 7. Bxc4 Bb4 8. O-O
O-O 9. Qe2 Ne4 10. Nxe4 Bxe4 11. Rd1 Nd7 12. Bd3 Nf6 13. Ne5 a5 14. Bxe4 Nxe4
15. f3 Nf6 16. e4 Nd7 17. Nd3 Bd6 18. Be3 Qe7 19. Rac1 f5 20. Bf2 Rae8 21. Qe1
fxe4 22. Qxe4 e5 23. dxe5 Nxe5 24. Nxe5 Qxe5 25. Qxe5 Bxe5 26. b3 Bc7 27. Rd7
Rf7 28. Rcd1 Ree7 29. Rxe7 Rxe7 30. Kf1 h5 31. h3 b6 32. Rd3 Kh7 33. Rd4 Kg8
34. Rd3 Kh7 35. Bh4 Re6 36. Bf2 1/2-1/2

[Event "Open A Zadar 2016"]
[Site "Zadar"]
[Date "2016.12.16"]
[Round "8.19"]
[White "Mesaros, Florian"]
[Black "Bubalovic, Davorin"]
[Result "1-0"]
[WhiteElo "2334"]
[BlackElo "2229"]
[PlyCount "89"]
[EventDate "2016.12.11"]
[EventCountry "CRO"]

1. Nf3 Nf6 2. c4 g6 3. Nc3 Bg7 4. e4 d6 5. d4 O-O 6. Be2 e5 7. O-O Nc6 8. d5
Ne7 9. b4 Nh5 10. Re1 a5 11. bxa5 Rxa5 12. a4 f5 13. Nd2 Nf6 14. exf5 Nxf5 15.
Nde4 Nd4 16. Ra3 Bf5 17. Bg5 Qd7 18. Bxf6 Bxf6 19. Bd3 Bh4 20. Bf1 b6 21. Re3
Qd8 22. f3 Bg5 23. Rd3 Bh6 24. Ra2 Bd7 25. Ra3 Bf5 26. g3 Qe7 27. Bg2 Bc8 28.
Nb5 Rf7 29. Nxd4 exd4 30. Rxd4 Bd7 31. f4 Rf8 32. Rdd3 Rfa8 33. Re3 Qd8 34. Nc3
Rc5 35. Qd3 Bg7 36. Ne2 Qf6 37. Bf3 Qb2 38. Re7 Rd8 39. g4 Bf6 40. Re4 Bg7 41.
Qe3 Qc2 42. Re7 Bf6 43. Rxd7 Rxd7 44. Qe8+ Kg7 45. Qxd7+ 1-0

[Event "Open A Zadar 2016"]
[Site "Zadar"]
[Date "2016.12.16"]
[Round "8.20"]
[White "Blazeka, Matej"]
[Black "Piskur, Mitja"]
[Result "1-0"]
[WhiteElo "2284"]
[BlackElo "2285"]
[PlyCount "65"]
[EventDate "2016.12.11"]
[EventCountry "CRO"]

1. e4 d5 2. exd5 Qxd5 3. Nc3 Qd8 4. d4 Nf6 5. h3 c6 6. Nf3 Bf5 7. g4 Be6 8. Bg2
g6 9. Bg5 Nbd7 10. Qd2 Qa5 11. a3 Bg7 12. b4 Qa6 13. Rb1 Nd5 14. Ne4 N5b6 15.
Nc5 Nxc5 16. bxc5 Nc4 17. Qb4 Nxa3 18. Qxb7 Qa5+ 19. Bd2 Qd8 20. Ne5 Rc8 21.
Nxc6 Qd7 22. O-O Nxb1 23. Rxb1 Qxb7 24. Rxb7 Bd7 25. Nxa7 Ra8 26. Rc7 Rb8 27.
c6 Be6 28. d5 Rb1+ 29. Bf1 Be5 30. Rb7 Rxb7 31. cxb7 Bxd5 32. Bb5+ Kd8 33. Ba5+
1-0

[Event "Open A Zadar 2016"]
[Site "Zadar"]
[Date "2016.12.16"]
[Round "8.21"]
[White "Stefanov, Emil"]
[Black "Samani, Yamac"]
[Result "1/2-1/2"]
[WhiteElo "2484"]
[BlackElo "2265"]
[PlyCount "78"]
[EventDate "2016.12.11"]
[EventCountry "CRO"]

1. d4 Nf6 2. Nf3 g6 3. c4 Bg7 4. Nc3 O-O 5. e4 d6 6. Be2 c5 7. d5 e5 8. O-O Ne8
9. Bg5 f6 10. Bh4 g5 11. Bg3 f5 12. exf5 Bxf5 13. Nd2 Nf6 14. f3 h6 15. Nde4 a6
16. Bd3 Nh5 17. Qc2 Bc8 18. a3 Qc7 19. Bf2 Nf4 20. b4 b6 21. Rab1 Nxd3 22. Qxd3
Bf5 23. h4 gxh4 24. Bxh4 Nd7 25. b5 a5 26. Qe3 Rf7 27. Rb2 Bg6 28. Qf2 Raf8 29.
Qg3 Bh7 30. Rbf2 Kh8 31. Qh3 Rg8 32. Kh1 Nf8 33. f4 exf4 34. Rxf4 Rxf4 35. Rxf4
Ng6 36. Rf2 Nxh4 37. Qxh4 Bd4 38. Rf3 Qg7 39. Rg3 Qe5 1/2-1/2

[Event "Open A Zadar 2016"]
[Site "Zadar"]
[Date "2016.12.16"]
[Round "8.22"]
[White "Zelic, Mladen"]
[Black "Marjanovic, Dejan"]
[Result "1/2-1/2"]
[WhiteElo "2305"]
[BlackElo "2439"]
[PlyCount "83"]
[EventDate "2016.12.11"]
[EventCountry "CRO"]

1. e4 c5 2. d4 cxd4 3. c3 Nf6 4. e5 Nd5 5. Nf3 e6 6. cxd4 d6 7. Bc4 Be7 8. O-O
O-O 9. Qe2 Bd7 10. Nc3 Nxc3 11. bxc3 Bc6 12. Bf4 Qc7 13. Ng5 dxe5 14. Bxe5 Qd8
15. Ne4 Nd7 16. Rad1 Qa5 17. f4 Rac8 18. Bd6 Qd8 19. Bxe7 Qxe7 20. Ng5 h6 21.
Nf3 Nb6 22. Bb3 Nd5 23. Qd2 Bb5 24. Rfe1 Nxc3 25. Ra1 Qd6 26. Re5 Be2 27. Rxe2
Nxe2+ 28. Qxe2 Qxf4 29. Rf1 Rc1 30. Rxc1 Qxc1+ 31. Kf2 Rd8 32. h3 Qf4 33. Qb5
b6 34. Qc6 g5 35. Qb7 Rxd4 36. Qxa7 Rd2+ 37. Kg1 Rb2 38. Qxb6 Rb1+ 39. Kf2 Rb2+
40. Kg1 Qc1+ 41. Kh2 Qf4+ 42. Kg1 1/2-1/2

[Event "Open A Zadar 2016"]
[Site "Zadar"]
[Date "2016.12.16"]
[Round "8.23"]
[White "Bao, Qilin"]
[Black "Zufic, Miroslav"]
[Result "1-0"]
[WhiteElo "2331"]
[BlackElo "2411"]
[PlyCount "157"]
[EventDate "2016.12.11"]
[EventCountry "CRO"]
[WhiteClock "0:06:54"]
[BlackClock "1:30:00"]

1. Nf3 Nf6 2. c4 g6 3. Nc3 Bg7 4. e4 d6 5. d4 O-O 6. h3 e5 7. d5 Nh5 8. g3 f5
9. exf5 gxf5 10. Ng5 Qe8 11. Be2 Nf6 12. g4 Na6 13. gxf5 Bxf5 14. a3 Nc5 15.
Rg1 Kh8 16. Be3 a5 17. Bxc5 dxc5 18. Qd2 e4 19. O-O-O Qe5 20. Bg4 Nxg4 21. hxg4
Bg6 22. Ne6 Rf3 23. Rde1 Qh2 24. Rh1 Qxf2 25. Nxg7 e3 26. Qd1 Kxg7 27. Rhf1 Re8
28. Rxf2 exf2 29. Rf1 Rd3 30. Rxf2 Rxd1+ 31. Kxd1 Re3 32. Nb5 c6 33. d6 Be8 34.
Nc7 Bd7 35. g5 Rd3+ 36. Rd2 Bg4+ 37. Kc1 Rxd2 38. Kxd2 Kg6 39. Na8 Kxg5 40. Nb6
Kf6 41. Na4 b6 42. Nxb6 Ke6 43. d7 Ke7 44. Na4 Bxd7 45. Nxc5 Bc8 46. Nb3 a4 47.
Nc5 h5 48. Nxa4 Kd6 49. Ke3 Be6 50. Kd4 h4 51. c5+ Kc7 52. Ke3 Bb3 53. Nc3 h3
54. Kf2 Be6 55. Ne2 Kb7 56. Kg3 Bf5 57. Nd4 Bg4 58. b4 Bd7 59. Nf3 Bf5 60. Ng1
Ka6 61. a4 Bc2 62. Ne2 Bxa4 63. Nc3 Bb3 64. Kxh3 Kb7 65. Kg4 Kc7 66. Kf5 Kd7
67. Kf6 Bc2 68. Ne2 Bd3 69. Nd4 Bb1 70. Ne6 Bc2 71. Nf8+ Ke8 72. Ng6 Kd7 73.
Ne5+ Kc7 74. Ke7 Be4 75. Nf7 Bf3 76. Ng5 Bg4 77. Ne6+ Kb7 78. Kd6 Ka6 79. Nd4
1-0

[Event "Open A Zadar 2016"]
[Site "Zadar"]
[Date "2016.12.16"]
[Round "8.24"]
[White "Skomorokhin, Roman"]
[Black "Polok, Kacper"]
[Result "1-0"]
[WhiteElo "2414"]
[BlackElo "2299"]
[PlyCount "59"]
[EventDate "2016.12.11"]
[EventCountry "CRO"]

1. d4 Nf6 2. Nf3 e6 3. e3 b6 4. Bd3 Bb7 5. O-O Be7 6. c4 d5 7. cxd5 exd5 8. Nc3
O-O 9. b3 Nbd7 10. Bb2 Rc8 11. Rc1 Re8 12. Ne5 Ne4 13. Nxf7 Kxf7 14. Nxe4 dxe4
15. Bc4+ Kg6 16. Qg4+ Bg5 17. h4 h5 18. Qg3 Kh6 19. Bf7 Rf8 20. hxg5+ Qxg5 21.
Qxg5+ Kxg5 22. Be6 Rfd8 23. d5 g6 24. f4+ Kh6 25. f5 c6 26. fxg6 Kxg6 27. Rf7
cxd5 28. Rg7+ Kh6 29. Rxd7 Rxd7 30. Bxd7 1-0

[Event "Open A Zadar 2016"]
[Site "Zadar"]
[Date "2016.12.16"]
[Round "8.25"]
[White "Tica, Sven"]
[Black "Horvath, Dominik"]
[Result "1-0"]
[WhiteElo "2359"]
[BlackElo "2269"]
[PlyCount "83"]
[EventDate "2016.12.11"]
[EventCountry "CRO"]
[WhiteClock "1:30:00"]
[BlackClock "1:30:00"]

1. d4 d5 2. c4 e6 3. g3 Nf6 4. Nf3 Bb4+ 5. Bd2 Be7 6. Bg2 O-O 7. O-O c6 8. Qc2
b6 9. Bf4 Nbd7 10. Nc3 Ba6 11. cxd5 cxd5 12. Rfc1 Nh5 13. Bd2 Nhf6 14. Bf4 Nh5
15. Bd2 Nhf6 16. Qa4 Bb7 17. a3 a6 18. Na2 Ne4 19. Bb4 Bxb4 20. Nxb4 b5 21. Qd1
Qb6 22. Nd3 a5 23. Nfe5 Nxe5 24. Nxe5 Rfd8 25. e3 Nf6 26. Rc5 Nd7 27. Nxd7 Rxd7
28. Bf1 Ba6 29. Rac1 Rdd8 30. Rc6 Qb7 31. Rc7 Qb8 32. Bd3 g6 33. Qf3 Rf8 34. h4
Ra7 35. Qf4 Rxc7 36. Rxc7 f5 37. Qd6 Rf7 38. Rc6 Qxd6 39. Rxd6 Bc8 40. Bxb5 Rb7
41. Rd8+ Kf7 42. Ba6 1-0

[Event "Open A Zadar 2016"]
[Site "Zadar"]
[Date "2016.12.16"]
[Round "8.26"]
[White "Krsnik Cohar, Ivan Vihor"]
[Black "Blohberger, Felix"]
[Result "0-1"]
[WhiteElo "2353"]
[BlackElo "2272"]
[PlyCount "106"]
[EventDate "2016.12.11"]
[EventCountry "CRO"]
[WhiteClock "1:29:00"]
[BlackClock "1:30:00"]

1. e4 c5 2. Nc3 d6 3. f4 Nf6 4. Nf3 a6 5. a4 Nc6 6. Bc4 e6 7. Ba2 d5 8. e5 d4
9. Ne2 Nd5 10. d3 Be7 11. O-O O-O 12. Bd2 b6 13. Qe1 Ne3 14. Bxe3 dxe3 15. Rd1
Nd4 16. c3 Nf5 17. g4 Nh4 18. Nxh4 Bxh4 19. Ng3 Qd7 20. Qxe3 Qxa4 21. Bb1 Bb7
22. d4 cxd4 23. Rxd4 Qc6 24. Be4 Qc7 25. Bxb7 Qxb7 26. Ne4 Be7 27. f5 Bc5 28.
Nxc5 bxc5 29. f6 gxf6 30. exf6 Kh8 31. Rd2 Rg8 32. h3 Rg6 33. Rfd1 Rag8 34. Rd8
Qxb2 35. Qxc5 Qe2 36. Rxg8+ Rxg8 37. Rf1 Qd3 38. Kg2 Qe2+ 39. Rf2 Qe4+ 40. Kg3
Qe1 41. Kg2 Qe4+ 42. Kh2 Qe1 43. c4 a5 44. Ra2 a4 45. Rxa4 Qd2+ 46. Kg3 Qc3+
47. Kf4 Qc1+ 48. Qe3 e5+ 49. Ke4 Qc2+ 50. Kxe5 Qxa4 51. Qd4 Re8+ 52. Kf4 Rc8
53. Kg5 Qxc4 0-1

[Event "Open A Zadar 2016"]
[Site "Zadar"]
[Date "2016.12.16"]
[Round "8.27"]
[White "Zovko, Mario"]
[Black "De Francesco, Klaus"]
[Result "1/2-1/2"]
[WhiteElo "2342"]
[BlackElo "2257"]
[PlyCount "31"]
[EventDate "2016.12.11"]
[EventCountry "CRO"]
[WhiteClock "1:25:00"]
[BlackClock "1:30:00"]

1. e4 e6 2. d4 d5 3. Nc3 Nf6 4. e5 Nfd7 5. f4 c5 6. Nf3 Nc6 7. Be3 cxd4 8. Nxd4
Bc5 9. Qd2 a6 10. O-O-O O-O 11. Qf2 Nxd4 12. Bxd4 Bxd4 13. Qxd4 Nb8 14. h4 Nc6
15. Qf2 f6 16. exf6 1/2-1/2

[Event "Open A Zadar 2016"]
[Site "Zadar"]
[Date "2016.12.16"]
[Round "8.28"]
[White "Burovic, Rijad"]
[Black "Biliskov, Vjekoslav"]
[Result "1/2-1/2"]
[WhiteElo "2302"]
[BlackElo "2314"]
[PlyCount "82"]
[EventDate "2016.12.11"]
[EventCountry "CRO"]

1. e4 c5 2. d3 Nc6 3. g3 g6 4. Bg2 Bg7 5. f4 d6 6. Nf3 e6 7. O-O Nge7 8. c3 O-O
9. Be3 b6 10. Na3 Bb7 11. Nc2 Qd7 12. Re1 Rad8 13. d4 Na5 14. Bf2 f5 15. exf5
exf5 16. Ng5 Bxg2 17. Kxg2 Rf6 18. Qe2 Nd5 19. Rad1 Nc7 20. dxc5 bxc5 21. b4
Re8 22. Qd3 Rxe1 23. Nxe1 h6 24. Ngf3 cxb4 25. cxb4 Nc6 26. b5 Ne7 27. a4 Re6
28. Rb1 Ncd5 29. a5 Qb7 30. Rb3 Re4 31. Kg1 Ra4 32. b6 axb6 33. axb6 Kh7 34.
Nc2 Nf6 35. Ra3 Rxa3 36. Nxa3 Ng4 37. Qb3 Nxf2 38. Kxf2 Nc8 39. Nc4 d5 40. Ne3
Nxb6 41. Nxd5 Qxd5 1/2-1/2

[Event "Open A Zadar 2016"]
[Site "Zadar"]
[Date "2016.12.16"]
[Round "8.29"]
[White "Sahil, Tickoo"]
[Black "Muha, Miljenko"]
[Result "1-0"]
[WhiteElo "2165"]
[BlackElo "2258"]
[PlyCount "127"]
[EventDate "2016.12.11"]
[EventCountry "CRO"]

1. d4 d5 2. c4 e6 3. Nc3 a6 4. cxd5 exd5 5. Bf4 c6 6. e3 Bd6 7. Bg3 Ne7 8. Bd3
Bf5 9. Nf3 O-O 10. Rc1 Bxd3 11. Qxd3 Ng6 12. O-O Bxg3 13. hxg3 Qd6 14. Na4 Nd7
15. a3 Rfe8 16. Rc2 Nf6 17. Nc5 Qe7 18. Qb3 Rab8 19. a4 h5 20. Qa3 Ng4 21. Nd3
Qf6 22. Nf4 Nxf4 23. gxf4 Qf5 24. Rd2 Nf6 25. Qd3 Ne4 26. Ng5 h4 27. Kh2 Rbd8
28. Nxe4 dxe4 29. Qe2 Rd6 30. Rc2 Qa5 31. Rc5 Qxa4 32. Rh5 Ree6 33. Qg4 Qc4 34.
Kg1 Rh6 35. Qc8+ Kh7 36. Qf5+ Rdg6 37. Rxh6+ Kxh6 38. Qxe4 h3 39. g3 Kh7 40.
Re1 Qb5 41. f5 Rf6 42. g4 g5 43. Qe5 Qb4 44. Rf1 Rh6 45. Kh2 Qxb2 46. Qe7 Qa2
47. Kg3 Qd5 48. e4 Qd6+ 49. Qxd6 Rxd6 50. Rd1 f6 51. Kxh3 c5 52. d5 c4 53. Kg3
b5 54. f4 gxf4+ 55. Kxf4 c3 56. g5 fxg5+ 57. Ke5 Rd8 58. Ke6 Re8+ 59. Kf7 Rxe4
60. d6 c2 61. Rh1+ Rh4 62. d7 Rxh1 63. d8=Q Kh6 64. Qh8# 1-0

[Event "Open A Zadar 2016"]
[Site "Zadar"]
[Date "2016.12.17"]
[Round "9.1"]
[White "Bai, Jinshi"]
[Black "Schreiner, Peter"]
[Result "1/2-1/2"]
[WhiteElo "2544"]
[BlackElo "2472"]
[PlyCount "20"]
[EventDate "2016.12.11"]
[EventCountry "CRO"]

1. Nf3 Nf6 2. c4 c5 3. Nc3 d5 4. cxd5 Nxd5 5. e4 Nb4 6. Bc4 Nd3+ 7. Ke2 Nf4+ 8.
Kf1 Nd3 9. Ke2 Nf4+ 10. Kf1 Nd3 1/2-1/2

[Event "Open A Zadar 2016"]
[Site "Zadar"]
[Date "2016.12.17"]
[Round "9.2"]
[White "Palac, Mladen"]
[Black "Dragnev, Valentin"]
[Result "1/2-1/2"]
[WhiteElo "2601"]
[BlackElo "2475"]
[PlyCount "52"]
[EventDate "2016.12.11"]
[EventCountry "CRO"]

1. e4 e5 2. Nf3 Nc6 3. Bb5 a6 4. Ba4 Nf6 5. O-O Be7 6. Re1 b5 7. Bb3 d6 8. c3
Na5 9. Bc2 c5 10. h3 g5 11. d4 g4 12. dxe5 dxe5 13. Qxd8+ Bxd8 14. hxg4 Nxg4
15. Nbd2 h5 16. Nf1 Bb6 17. Ne3 Nxe3 18. Bxe3 Nc4 19. Bc1 f6 20. b3 Nd6 21. Rd1
Ke7 22. Nh4 Rg8 23. f3 Ba5 24. Bd2 Be6 25. Kf2 c4 26. b4 Bb6+ 1/2-1/2

[Event "Open A Zadar 2016"]
[Site "Zadar"]
[Date "2016.12.17"]
[Round "9.3"]
[White "Zelcic, Robert"]
[Black "Nikolic, Predrag"]
[Result "1/2-1/2"]
[WhiteElo "2496"]
[BlackElo "2615"]
[PlyCount "21"]
[EventDate "2016.12.11"]
[EventCountry "CRO"]

1. e4 e6 2. d4 d5 3. Nc3 Bb4 4. Nge2 dxe4 5. a3 Be7 6. Nxe4 Nd7 7. N2g3 Ngf6 8.
Bd3 Nxe4 9. Nxe4 Nf6 10. Nxf6+ Bxf6 11. c3 1/2-1/2

[Event "Open A Zadar 2016"]
[Site "Zadar"]
[Date "2016.12.17"]
[Round "9.5"]
[White "Brkic, Ante"]
[Black "Jovanic, Ognjen"]
[Result "1/2-1/2"]
[WhiteElo "2569"]
[BlackElo "2477"]
[PlyCount "53"]
[EventDate "2016.12.11"]
[EventCountry "CRO"]

1. e4 e5 2. Nf3 Nf6 3. Nxe5 d6 4. Nf3 Nxe4 5. d4 d5 6. Bd3 Be7 7. O-O Bf5 8.
Re1 Nc6 9. Nbd2 Nxd2 10. Qxd2 Bxd3 11. Qxd3 O-O 12. c3 Qd7 13. Bf4 a6 14. Re2
Rae8 15. Rae1 Bd8 16. Nd2 Rxe2 17. Qxe2 Be7 18. Nb3 Rb8 19. h3 h6 20. Qg4 Qxg4
21. hxg4 Bd6 22. Bxd6 cxd6 23. Nc1 Kf8 24. Kf1 b5 25. a3 Re8 26. Rxe8+ Kxe8 27.
Nd3 1/2-1/2

[Event "Open A Zadar 2016"]
[Site "Zadar"]
[Date "2016.12.17"]
[Round "9.6"]
[White "Livaic, Leon"]
[Black "Saric, Ante"]
[Result "1/2-1/2"]
[WhiteElo "2451"]
[BlackElo "2547"]
[PlyCount "60"]
[EventDate "2016.12.11"]
[EventCountry "CRO"]

1. d4 Nf6 2. c4 e6 3. Nf3 b6 4. g3 Bb4+ 5. Bd2 Be7 6. Bg2 c6 7. O-O d5 8. Ne5
Nfd7 9. Nxd7 Qxd7 10. cxd5 cxd5 11. Nc3 Bb7 12. e3 Nc6 13. Qg4 g6 14. Rfc1 Rc8
15. Qd1 f5 16. Ne2 Bd6 17. Bc3 Kf7 18. Rc2 a5 19. Nc1 Nb4 20. Bxb4 axb4 21. Nd3
Rxc2 22. Qxc2 Rc8 23. Qd2 Qa4 24. b3 Qa5 25. Rc1 Rc3 26. Bf1 Qa8 27. Rxc3 bxc3
28. Qxc3 Qxa2 29. Ne5+ Kg7 30. f4 Qa8 1/2-1/2

[Event "Open A Zadar 2016"]
[Site "Zadar"]
[Date "2016.12.17"]
[Round "9.7"]
[White "Stopa, Jacek"]
[Black "Swayams, Mishra"]
[Result "1/2-1/2"]
[WhiteElo "2479"]
[BlackElo "2473"]
[PlyCount "143"]
[EventDate "2016.12.11"]
[EventCountry "CRO"]

1. d4 Nf6 2. c4 e6 3. Nf3 b6 4. g3 Bb7 5. Bg2 Bb4+ 6. Bd2 Be7 7. Nc3 c6 8. e4
d5 9. exd5 cxd5 10. Ne5 O-O 11. O-O Nc6 12. cxd5 Nxe5 13. d6 Nc6 14. dxe7 Qxe7
15. Bg5 h6 16. d5 Na5 17. Bxf6 Qxf6 18. dxe6 Bxg2 19. exf7+ Qxf7 20. Kxg2 Nc4
21. Qb3 Rac8 22. Ne4 Qd5 23. f3 Qd4 24. Rf2 Kh8 25. Re1 Rfd8 26. Rfe2 a6 27. a3
b5 28. Qb4 a5 29. Qxb5 Rb8 30. Qc5 Rxb2 31. Qxd4 Rxe2+ 32. Rxe2 Rxd4 33. a4 Nb6
34. Rb2 Nxa4 35. Rb5 Rd7 36. Rxa5 Nb6 37. h4 Nd5 38. Nc5 Re7 39. Nd3 Ne3+ 40.
Kg1 Kh7 41. h5 Nc4 42. Rd5 Ra7 43. Nf4 Ra5 44. Rd8 Ne5 45. Kf2 Ra3 46. Ne6
Rxf3+ 47. Ke2 g6 48. Nf8+ Kg7 49. Nxg6 Rxg3 50. Nxe5 Rg5 51. Rd7+ Kf6 52. Nf3
Rxh5 53. Ke3 Rh1 54. Kf4 Ke6 55. Rd8 Ke7 56. Rd3 Ke6 57. Ke4 Ra1 58. Nd4+ Kf6
59. Rf3+ Kg6 60. Nc6 Ra4+ 61. Ke5 Kg5 62. Nd4 Ra5+ 63. Ke4 Kg6 64. Rg3+ Kf6 65.
Rb3 Ra4 66. Rb5 Kg6 67. Rd5 Ra6 68. Kf4 Rb6 69. Nf3 Kf6 70. Rf5+ Kg7 71. Ne5
Rf6 72. Rxf6 1/2-1/2

[Event "Open A Zadar 2016"]
[Site "Zadar"]
[Date "2016.12.17"]
[Round "9.8"]
[White "Halvax, Georg"]
[Black "Sebenik, Matej"]
[Result "1/2-1/2"]
[WhiteElo "2395"]
[BlackElo "2541"]
[PlyCount "87"]
[EventDate "2016.12.11"]
[EventCountry "CRO"]

1. e4 c5 2. Nf3 Nc6 3. d4 cxd4 4. Nxd4 Nf6 5. Nc3 e5 6. Ndb5 d6 7. Bg5 a6 8.
Na3 b5 9. Bxf6 gxf6 10. Nd5 Bg7 11. Bd3 Ne7 12. Nxe7 Qxe7 13. c4 f5 14. O-O O-O
15. Qh5 Rb8 16. exf5 e4 17. Rae1 Bb7 18. Kh1 Rfe8 19. f3 bxc4 20. Bxe4 d5 21.
f6 Qxf6 22. Bxd5 Bxd5 23. Qxd5 Qxb2 24. Nxc4 Qxa2 25. Re4 Rbd8 26. Qg5 h6 27.
Qh4 f5 28. Rxe8+ Rxe8 29. Nd6 Qe2 30. Rc1 Rf8 31. Re1 Qd3 32. Ne8 Qd4 33. f4
Rf7 34. h3 Kh7 35. Kh2 Qd7 36. Qh5 Bc3 37. Re2 Rf8 38. Qf3 Rxe8 39. Rxe8 Qxe8
40. Qxc3 Qe6 41. Qa5 h5 42. Qd8 Kg7 43. Qg5+ Qg6 44. Qe7+ 1/2-1/2

[Event "Open A Zadar 2016"]
[Site "Zadar"]
[Date "2016.12.17"]
[Round "9.9"]
[White "Xu, Xiangyu"]
[Black "Markoja, Boris"]
[Result "1/2-1/2"]
[WhiteElo "2467"]
[BlackElo "2366"]
[PlyCount "35"]
[EventDate "2016.12.11"]
[EventCountry "CRO"]

1. d4 e6 2. e4 d5 3. Nd2 Nf6 4. e5 Nfd7 5. Bd3 c5 6. c3 Nc6 7. Ne2 cxd4 8. cxd4
f6 9. exf6 Nxf6 10. Nf3 Bd6 11. Bf4 Bxf4 12. Nxf4 Qa5+ 13. Qd2 Qxd2+ 14. Kxd2
O-O 15. Rhe1 Ne4+ 16. Bxe4 Rxf4 17. Bd3 Bd7 18. Bb5 1/2-1/2

[Event "Open A Zadar 2016"]
[Site "Zadar"]
[Date "2016.12.17"]
[Round "9.11"]
[White "Schnider, Gert"]
[Black "Rezan, Sasa"]
[Result "1/2-1/2"]
[WhiteElo "2407"]
[BlackElo "2437"]
[PlyCount "29"]
[EventDate "2016.12.11"]
[EventCountry "CRO"]

1. e4 c5 2. Nf3 d6 3. Bb5+ Bd7 4. Bxd7+ Qxd7 5. c4 Nf6 6. Nc3 Nc6 7. d4 Qg4 8.
O-O Nxd4 9. Nxd4 Qxd1 10. Rxd1 cxd4 11. Rxd4 Rc8 12. b3 g6 13. Bb2 Bg7 14. Rd2
O-O 15. Rad1 1/2-1/2

[Event "Open A Zadar 2016"]
[Site "Zadar"]
[Date "2016.12.17"]
[Round "9.13"]
[White "Plenca, Jadranko"]
[Black "Blazeka, Matej"]
[Result "1-0"]
[WhiteElo "2415"]
[BlackElo "2284"]
[PlyCount "83"]
[EventDate "2016.12.11"]
[EventCountry "CRO"]

1. e4 c5 2. Nf3 e6 3. c3 Nf6 4. e5 Nd5 5. Bc4 Nc6 6. d4 Nb6 7. Bd3 cxd4 8. cxd4
d6 9. exd6 Bxd6 10. Nc3 Be7 11. O-O O-O 12. a3 Bf6 13. Be3 Nd5 14. Ne4 Nxe3 15.
Nxf6+ Qxf6 16. fxe3 Qh6 17. Qe2 Bd7 18. Rac1 Rae8 19. e4 f5 20. Bb1 fxe4 21.
Qxe4 Rf4 22. Qd3 Ref8 23. Rfe1 Be8 24. Ba2 Kh8 25. Bxe6 Bh5 26. Bd5 Bxf3 27.
Bxf3 Nxd4 28. Bd5 Qd6 29. Re4 Rxe4 30. Bxe4 Qb6 31. Kh1 Qxb2 32. Rb1 Qf2 33.
Bxb7 h5 34. Rd1 h4 35. Ba6 Rf6 36. Bc4 Nc2 37. Qd5 Kh7 38. Qh5+ Rh6 39. Bd3+ g6
40. Bxg6+ Kg7 41. Rd7+ Kf6 42. Rf7+ 1-0

[Event "Open A Zadar 2016"]
[Site "Zadar"]
[Date "2016.12.17"]
[Round "9.14"]
[White "Guttenthaler, Franz"]
[Black "Fercec, Nenad"]
[Result "0-1"]
[WhiteElo "2268"]
[BlackElo "2461"]
[PlyCount "40"]
[EventDate "2016.12.11"]
[EventCountry "CRO"]

1. d4 Nf6 2. c4 e6 3. Nf3 b6 4. g3 Bb7 5. Bg2 g6 6. Nc3 Bg7 7. O-O O-O 8. d5
exd5 9. cxd5 Re8 10. Bf4 Na6 11. Re1 Nc5 12. Rc1 Rc8 13. Nd4 Nh5 14. Be3 Nf6
15. Bf4 c6 16. e4 cxd5 17. exd5 Rxe1+ 18. Qxe1 Nd3 19. Qd1 Nxc1 20. Qxc1 Bxd5
0-1

[Event "Open A Zadar 2016"]
[Site "Zadar"]
[Date "2016.12.17"]
[Round "9.15"]
[White "Cebalo, Miso"]
[Black "Plenca, Julijan"]
[Result "0-1"]
[WhiteElo "2333"]
[BlackElo "2411"]
[PlyCount "104"]
[EventDate "2016.12.11"]
[EventCountry "CRO"]

1. d4 g6 2. c4 Bg7 3. e4 d6 4. Nc3 Nf6 5. Nf3 O-O 6. Be2 e5 7. O-O Nc6 8. Be3
Ng4 9. Bg5 f6 10. Bc1 f5 11. Bg5 Qe8 12. dxe5 Ngxe5 13. Nxe5 Bxe5 14. exf5 Bxf5
15. Bf3 Bxc3 16. bxc3 Be4 17. Bxe4 Qxe4 18. c5 Rf5 19. Be3 Rd5 20. Qb3 Na5 21.
Qb5 b6 22. Qd7 dxc5 23. Qxc7 Qe5 24. Qxe5 Rxe5 25. Rad1 Rae8 26. h4 R5e7 27.
Bg5 Rf7 28. Rd5 Kg7 29. h5 gxh5 30. Rfd1 Nc4 31. Bh4 Re5 32. Rxe5 Nxe5 33. Rd5
Ng6 34. Rxh5 Rf4 35. Bg3 Ra4 36. Rd5 Rxa2 37. Rd7+ Kf6 38. Rxh7 a5 39. Rb7 Rb2
40. Bc7 a4 41. Ra7 b5 42. Bd6 c4 43. Ra5 Ne5 44. f4 Ng4 45. g3 Kf5 46. Kf1 Ke4
47. Ke1 Kd3 48. Kf1 Nh2+ 49. Ke1 Re2+ 50. Kd1 Nf3 51. Kc1 Kxc3 52. Kb1 Nd2+ 0-1

[Event "Open A Zadar 2016"]
[Site "Zadar"]
[Date "2016.12.17"]
[Round "9.16"]
[White "Krstulovic, Alex"]
[Black "Djurovic, Goran"]
[Result "1-0"]
[WhiteElo "2258"]
[BlackElo "2396"]
[PlyCount "79"]
[EventDate "2016.12.11"]
[EventCountry "CRO"]

1. d4 e6 2. c4 f5 3. g3 Bb4+ 4. Nd2 Nf6 5. Bg2 a5 6. Ngf3 Nc6 7. O-O O-O 8. Nb1
Be7 9. d5 exd5 10. cxd5 Nb4 11. Nc3 Na6 12. Nd4 d6 13. Qc2 Kh8 14. b3 Nc5 15.
Bb2 Ng4 16. e3 Bf6 17. Nce2 g6 18. a3 Qe7 19. Rae1 Bg7 20. Nf4 Be5 21. b4 axb4
22. axb4 Na4 23. Ba1 Nf6 24. Nfe6 Bxe6 25. Nxe6 Rfc8 26. Nd4 Ne8 27. f4 Bf6 28.
e4 Nb6 29. exf5 Qxe1 30. Rxe1 Rxa1 31. Nf3 Rca8 32. h4 Nxd5 33. Rxa1 Rxa1+ 34.
Kh2 Ne3 35. Qe2 Ra3 36. fxg6 Rb3 37. Nd2 Ra3 38. Nc4 Nxc4 39. Qxe8+ Kg7 40.
Qf7+ 1-0

[Event "Open A Zadar 2016"]
[Site "Zadar"]
[Date "2016.12.17"]
[Round "9.17"]
[White "Mencinger, Vojko"]
[Black "Jakic, Ivan"]
[Result "1/2-1/2"]
[WhiteElo "2356"]
[BlackElo "2380"]
[PlyCount "45"]
[EventDate "2016.12.11"]
[EventCountry "CRO"]

1. c4 Nf6 2. Nc3 Nc6 3. g3 e6 4. Bg2 d5 5. cxd5 exd5 6. d4 Be7 7. Bg5 O-O 8. e3
Ne8 9. Bxe7 Nxe7 10. Nge2 c6 11. O-O Nd6 12. b3 Bf5 13. Nf4 Qd7 14. Rc1 Ng6 15.
Nd3 Bh3 16. Nc5 Qc8 17. Re1 Bxg2 18. Kxg2 Re8 19. Qf3 Nf5 20. Kh1 Nd6 21. Kg2
Nf5 22. Kh1 Nd6 23. Kg2 1/2-1/2

[Event "Open A Zadar 2016"]
[Site "Zadar"]
[Date "2016.12.17"]
[Round "9.18"]
[White "Reich, Thomas"]
[Black "Bao, Qilin"]
[Result "1/2-1/2"]
[WhiteElo "2362"]
[BlackElo "2331"]
[PlyCount "26"]
[EventDate "2016.12.11"]
[EventCountry "CRO"]

1. d4 Nf6 2. Nf3 d5 3. Bf4 Bf5 4. e3 e6 5. c4 Bd6 6. Bxd6 Qxd6 7. Nc3 O-O 8.
Qb3 b6 9. cxd5 exd5 10. Be2 c6 11. O-O Nbd7 12. Rfc1 Rfe8 13. Qd1 h6 1/2-1/2

[Event "Open A Zadar 2016"]
[Site "Zadar"]
[Date "2016.12.17"]
[Round "9.19"]
[White "Stefanov, Emil"]
[Black "Bilobrk, Franjo"]
[Result "0-1"]
[WhiteElo "2484"]
[BlackElo "2354"]
[PlyCount "64"]
[EventDate "2016.12.11"]
[EventCountry "CRO"]

1. d4 Nf6 2. Nf3 d5 3. c4 e6 4. e3 a6 5. Nbd2 c5 6. b3 Nc6 7. Bb2 cxd4 8. exd4
Ne4 9. a3 Be7 10. Bd3 f5 11. O-O O-O 12. Qe2 Bd7 13. Rad1 Kh8 14. b4 Be8 15.
cxd5 exd5 16. Ne5 Na7 17. Rc1 Bg5 18. f4 Be7 19. Nb3 Bd6 20. Nc5 Qe7 21. Bxe4
fxe4 22. f5 Rf6 23. Rf4 Nc6 24. Ne6 Bf7 25. Rxc6 bxc6 26. Ng5 Be8 27. Qf2 Kg8
28. g4 a5 29. Ne6 axb4 30. g5 Rxe6 31. fxe6 bxa3 32. Ba1 Qxe6 0-1